| 000 | 00995cam a22002891 4500 | ||
|---|---|---|---|
| 001 | l 18000004 | ||
| 003 | DLC | ||
| 005 | 20260227111527.0 | ||
| 008 | 821021s1917 dcu 000 0 eng | ||
| 010 | _al 18000004 | ||
| 035 | _a(OCoLC)29099681 | ||
| 040 |
_aDLC _cMnU _dDLC |
||
| 043 | _an-us-ma | ||
| 050 | 0 | 0 |
_aHD8051 _b.A5 no. 215 |
| 110 | 2 |
_aWomen's Educational and Industrial Union, Boston. _bDepartment of Research. |
|
| 245 | 0 | 0 | _aIndustrial experience of trade-school girls in Massachusetts. |
| 260 |
_aWashington, _bGovt. print. off., _c1917. |
||
| 300 |
_a275 p. _c24 cm. |
||
| 650 | 0 |
_aTechnical education _zMassachusetts. |
|
| 650 | 0 |
_aEvening and continuation schools _zMassachusetts. |
|
| 650 | 0 | _aVocational guidance. | |
| 650 | 0 |
_aWomen _xEmployment _zMassachusetts. |
|
| 650 | 0 |
_aClothing trade _zMassachusetts. |
|
| 700 | 1 |
_aAllinson, May, _d1880- |
|
| 700 | 1 |
_aKingsbury, Susan M. _q(Susan Myra), _d1870-1949. |
|
| 710 | 1 |
_aUnited States. _bBureau of Labor Statistics |
|
| 999 |
_c35531 _d35531 |
||